Quiz Pokémon - Statistiques

Statistiques générales
  • Ce quiz a été pris 63 fois
  • Le résultat moyen est 7 sur 10
Statistiques - réponses
Question Réponse % Correct
Quel type est super efficace contre les Pokémon de type Feu ? [Facile] Eau
95%
Comment s’appelle l’évolution finale d’Évoli de type Glace ? [Moyen] Givrali
93%
Quel Pokémon est le numéro 001 dans le Pokédex national ? [Facile] Bulbizarre
87%
Combien de Pokémon de départ (starters) existe-t-il actuellement (jusqu’à la 9e génération) ? [Moyen] 27
85%
Quel est le seul Pokémon de type Spectre / Dragon dans la première génération ? [Moyen] Aucun
84%
Parmi ces Pokémon, lequel n’a pas de méga-évolution ? [Piège !] Libégon
76%
Dans quelle génération les capacités Z ont-elles été introduites ? [Difficile] 7
65%
Quelle capacité supprime les effets de murs comme Mur Lumière et Protection ? [Stratégie] Anti-Brume
56%
Qui est le champion d’arène de type Dragon dans la région de Johto ? [Bonus Lore] Sandra
51%
Quel Pokémon peut apprendre l’attaque Explosion naturellement en montant de niveau ? [Difficile] Qwilfish de Hisui
5%
Aucun quiz correspondant
Distribution des résultats
% des personnes avec chaque résultat
Percentile par nombre de réponses
Votre historique - résultats
Vous n’avez pas pris ce quiz